Lebanese Basketball League teams 2023/2024 - Statistics

General Stats
  • This quiz has been taken 114 times
  • The average score is 8 of 10
Answer Stats
Answer % Correct
Sagesse
99%
Beirut club
96%
Riyadi
93%
Homentmen
83%
Antranik
76%
Maristes
75%
Hoops
71%
NSA
69%
Antounieh
63%
Mayrouba
57%
No matching quizzes found
Score Distribution
Percent of People with Each Score
Percentile by Number Answered
Your Score History
You have not taken this quiz